| 000 | 00380nam a2200145Ia 4500 | ||
|---|---|---|---|
| 005 | 20251222144912.0 | ||
| 008 | 251222s9999||||xx |||||||||||||| ||spa|| | ||
| 020 | _a9789972453861 | ||
| 082 | _a302.234.4/R22 | ||
| 100 | _aRamÃrez Lozano, Juliana Paola | ||
| 245 | 0 | _aUna Voz que Cambia Vidas | |
| 250 | _a1ra.ed. | ||
| 264 | _bUniverdad de Lima Fondo Editorial | ||
| 942 | _cLIB | ||
| 999 |
_c22401 _d22401 |
||